Modeling differential equations in biology

Saved in:
Bibliografiske detaljer
Hovedforfatter: Taubes, Clifford Henry (Author)
Format: Bog
Sprog:engelsk
Udgivet: Cambridge Cambridge University Press 2008
Udgivelse:2a. ed
Fag:
Tags: Tilføj Tag
Ingen Tags, Vær først til at tagge denne postø!

MARC

LEADER 00000nam a2200000 a 4500
001 UCI7430
003 CL-VaPUC
008 080703e20080000US |||||||||||||||||eng|d
020 |a 9780521708432 
082 0 4 |a 570.15195  |b TAU  |2 21 
100 0 |a Taubes, Clifford Henry  |e author  |9 530696 
245 1 0 |a Modeling differential equations in biology 
250 |a 2a. ed 
300 |a 500 p 
942 |c BK 
945 |d 20080703 00:00:00  |a rbrito 
260 |a Cambridge  |b Cambridge University Press  |c 2008 
650 0 |a Biología  |9 262022 
650 0 |a Estadística matemática  |9 260028 
650 0 |a Ecuaciones diferenciales  |9 260083 
650 0 |a Vectores  |9 317184 
650 7 |a SISTEMA LINEAL  |2 CL-VaPUC  |9 433308 
650 7 |a SISTEMA NO LINEAL  |2 CL-VaPUC  |9 530697 
650 0 |a Matrices   |9 22 
583 |a last modification  |c 20080703 00:00:00  |k Rodrigo Vera 
999 |c 330724  |d 330722 
952 |0 0  |1 0  |4 0  |6 570_151950000000000_TAU_2008  |7 0  |8 A  |9 416464  |a BIBALI  |b BIBALI  |c GEN  |d 2019-11-22  |i 4454871  |o 570.15195 TAU 2008  |p 4454871  |r 2025-01-20  |w 2019-11-22  |y BK  |k ALI 
952 |0 0  |1 0  |4 0  |6 570_151950000000000_TAU_2008  |7 0  |8 A  |9 416465  |a BIBALI  |b BIBALI  |c GEN  |d 2019-11-22  |i 445488K  |o 570.15195 TAU 2008  |p 445488K  |r 2025-01-20  |w 2019-11-22  |y BK  |k ALI